000 01470nam0a22003491 4500
001 v19\rc\1894793
005 20260406134209.0
035 _a(NLR Aleph) 004989838
090 _a6274160
_c6274160
100 _a20080221d1911 u y0rusy50 ca
101 1 _arus
_cdan
102 _aRU
105 _ay z |||a|
200 1 _aДочь короля Рене. (Иоланта)
_eЛирич. драма в 1 д. в стихах Андерсена [!], пер. Владимира Зотова
210 _aМосква
_cС.Ф. Рассохин
_d1911
215 _a39 с.
_d26
300 _aАвт. в кн. указан ошибочно; настоящий авт. установлен по одноим. изд. 1907 г.
309 _aНапеч. на пиш. маш. Литогр.
517 0 _aИоланта
700 1 _6z01790
_aХерц
_bХ.
_f1797 или 1798-1870
_gХенрик
702 1 _aЗотов
_bВ.
_gВладимир
_4730
702 1 _4330
_8rus
_7ca
_aАндерсен
_bХ. К.
_f1805-1875
_gХанс Кристиан
_3RU\NLR\AUTH\772165
_9112181
790 1 _6z01700
_aГертц
_bГ.
_f1797 или 1798-1870
_gГенрих
790 1 _8rus
_7ca
_aАндерсен
_bХ. К.
_f1805-1875
_gХанс Кристиан
_3RU\NLR\AUTH\772165
_9112181
801 0 _aRU
_bNLR
_gpsbo
801 0 _aRU
_bRuMoRGB
_2psbo
801 1 _aRU
_bProSoft-M
_2rusmarc
852 _aNLR
_j20.86.9.106
899 _aRuMoRGB
_jV 113/583
899 _aБАН
942 _cBOOK
980 _aNB